{"text_format":"3","workbook":"xls","n_sheets":3,"sheets":["Sheet1","Sheet2","Sheet3"],"read":"whole","date_system":"1900","formulas":"cached_only"}

{"sheet":"Sheet1","index":0,"n_rows":56,"n_cols":12,"rows_kept":56,"merged":[[0,0,0,11],[1,0,1,11],[2,0,2,11]],"flags":["formulas_cached_only"]}
["五金收料统计日报表"]
["日期： 2019  年 04月 30日                             填表人： 杨振华"]
["单位：江苏大力神管桩有限公司巨野分公司"]
["入库单号","品名","规格","数量","单位","单价","金额","供应商名称","联系方式","采购员","检验员","备注"]
["WIN008450","O型圈","100*3.1",4,"个",1.5,6,"巨野县派龙工程机械门市部",null,"张传朋","甘星允"]
["WIN008451","墩头缸",null,1,"个",3150,3150,"南京椒菱机械有限公司",null,"王成军","甘星允"]
[null,"气液增压缸","QGF4Y",1,"个",1850,1850,"南京椒菱机械有限公司",null,"王成军","甘星允"]
[null,"铜盘","500#",1,"个",2100,2100,"南京椒菱机械有限公司",null,"王成军","甘星允"]
["WIN008452","回形针",null,4,"盒",5,20,"巨野县晨风文具商行",null,"张传朋","甘星允"]
[null,"一次性纸杯",null,3,"包",10,30,"巨野县晨风文具商行",null,"张传朋","甘星允"]
["WIN008453","直接","16#",50,"个",2.5,125,"巨野县兴强轴承销售中心",null,"张传朋","甘星允"]
["WIN008454","割枪","T-30",3,"个",60,180,"巨野县润润五金门市部",15764010540,"张传朋","甘星允"]
[null,"割嘴",30,15,"个",4,60,"巨野县润润五金门市部",15764010540,"张传朋","甘星允"]
[null,"割嘴",100,15,"个",5,75,"巨野县润润五金门市部",15764010540,"张传朋","甘星允"]
[null,"铜球阀（喷雾器）",15,20,"个",3,60,"巨野县润润五金门市部",15764010540,"张传朋","甘星允"]
[null,"铜球阀",50,4,"个",45,180,"巨野县润润五金门市部",15764010540,"张传朋","甘星允"]
["WIN008455","割枪","T-100",2,"个",120,240,"巨野县润润五金门市部",15764010540,"张传朋","甘星允"]
[null,"电磁阀线圈","220V",20,"个",180,3600,"巨野县润润五金门市部",15764010540,"张传朋","甘星允"]
["WIN008456","胶",801,6,"袋",15,90,"巨野县亚美涂料",null,"张传朋","甘星允"]
["WIN008457","花兰丝","8#",10,"个",1.7,17,"巨野县兴强轴承销售中心",null,"张传朋","甘星允"]
["WIN008458","无缝管","50#",84,"KG",5,420,"巨野县冯建正彩钢瓦销售处",null,"张传朋","甘星允"]
["WIN008459","压盖（加工件）","42*11",1,"件",30,30,"巨野县麒麟镇瑞麟机床加工厂",18253062776,"张传朋","甘星允"]
["WIN008460","电脑打印纸","241-4-3",2,"盒",40,80,"巨野县晨风文具商行",null,"张传朋","甘星允"]
[null,"中性笔",null,2,"盒",11,22,"巨野县晨风文具商行",null,"张传朋","甘星允"]
["WIN008461","风镐","G7",6,"台",440,2640,"济宁聚旺矿山设备有限公司",null,"王成军","甘星允"]
["WIN008462","交流接触器","CJX1-110A/380V",5,"个",386,1930,"邳州市电料总汇",null,"王成军","甘星允"]
["WIN008463","变压器","JMB-3000",1,"台",1,785,"邳州市电料总汇",null,"王成军","甘星允"]
[{"$nulls":6},0]
[{"$nulls":6},0]
[{"$nulls":6},0]
[{"$nulls":6},0]
[{"$nulls":6},0]
[{"$nulls":6},0]
[{"$nulls":6},0]
[{"$nulls":6},0]
[{"$nulls":6},0]
[{"$nulls":6},0]
[{"$nulls":6},0]
[{"$nulls":6},0]
[{"$nulls":6},0]
[{"$nulls":6},0]
[{"$nulls":6},0]
[{"$nulls":6},0]
[{"$nulls":6},0]
[{"$nulls":6},0]
[{"$nulls":6},0]
[{"$nulls":6},0]
[{"$nulls":6},0]
[{"$nulls":6},0]
[{"$nulls":6},0]
[{"$nulls":6},0]
[{"$nulls":6},0]
[{"$nulls":6},0]
[{"$nulls":6},0]
[{"$nulls":6},0]
[{"$nulls":6},0]

{"sheet":"Sheet2","index":1,"n_rows":0,"n_cols":0,"rows_kept":0,"flags":["formulas_cached_only"]}

{"sheet":"Sheet3","index":2,"n_rows":0,"n_cols":0,"rows_kept":0,"flags":["formulas_cached_only"]}